[Event "April Standard"]
[Site "SchemingMind.com"]
[Date "2008.04.01"]
[Round "-"]
[White "marble"]
[Black "cnbcad"]
[Result "0-1"]
[WhiteCountry "ENG"]
[BlackCountry "USA"]
[WhiteElo "1590"]
[WhiteRD "56"]
[BlackElo "1558"]
[BlackRD "49"]
[GameID "148320"]

1. e4 e5 2. Nf3 Nc6 3. Bb5 d6 4. d4 Bd7 5. Nc3 a6 6. Bxc6 Bxc6 7. dxe5 dxe5 8. Qxd8+ Rxd8 9. Nxe5 Nf6 10. Nxc6 bxc6
11. O-O Bc5 12. h3 O-O 13. Bg5 Bd4 14. Ne2 Bxb2 15. Rab1 Rb8 16. Bxf6 Bxf6 17. Rbd1 Rb2 18. Rfe1 Rxa2 19. c3 a5 20. Nc1 Rc2
21. Rd3 a4 22. e5 Be7 23. Rd7 Bd8 24. Rd4 a3 25. Nb3 Rb2 26. Na1 a2 27. Rdd1 Be7 28. Rc1 Rfb8 29. Kh2 f6 30. e6 Kf8
31. h4 Rb1 32. g3 Rxc1 33. Rxc1 Rb1 34. Rg1 f5 35. Nc2 Ba3 36. Kg2 Bb2 37. f4 Rxg1+ 38. Kxg1 a1=Q+ 39. Nxa1 Bxa1 40. c4 Ke7
41. Kf2 Kxe6 42. Ke3 c5 43. Kd3 Bd4 44. Ke2 Kd6 45. Kf3 h5 46. Ke2 Kc6 47. Kd3 Kb6 48. Kc2 Bf2
0-1

[Event "April Standard"]
[Site "SchemingMind.com"]
[Date "2008.04.01"]
[Round "-"]
[White "cnbcad"]
[Black "marble"]
[Result "0-1"]
[WhiteCountry "USA"]
[BlackCountry "ENG"]
[WhiteElo "1635"]
[WhiteRD "50"]
[BlackElo "1629"]
[BlackRD "55"]
[GameID "148321"]

1. e4 c5 2. d4 cxd4 3. Nf3 g6 4. Qxd4 Nf6 5. e5 Nc6 6. Qc3 e6 7. exf6 Bb4 8. Bh6 Bxc3+ 9. Nxc3 Qxf6 10. O-O-O Ne7
11. Bg5 Qf5 12. Bd3 Qg4 13. Bf6 Qf4+
0-1

[Event "April Standard"]
[Site "SchemingMind.com"]
[Date "2008.04.03"]
[Round "-"]
[White "Luca Cassoni"]
[Black "cnbcad"]
[Result "1-0"]
[WhiteCountry "ITA"]
[BlackCountry "USA"]
[WhiteElo "2130"]
[WhiteRD "163"]
[BlackElo "1558"]
[BlackRD "49"]
[GameID "148862"]

1. f3 d5 2. Kf2 e5 3. e3 Bc5 4. d4 exd4 5. exd4 Bb6 6. c3 Qf6 7. Be3 Nh6 8. Bd3 Ng4+ 9. Ke2 Nxe3 10. Kxe3 O-O
11. Ne2 Re8+ 12. Kf2 c5 13. Kf1 c4 14. Bc2 Bg4 15. Nd2 Nc6 16. Kg1 Bh5= 17. Ng3
1-0

[Event "April Standard"]
[Site "SchemingMind.com"]
[Date "2008.04.02"]
[Round "-"]
[White "Luca Cassoni"]
[Black "marble"]
[Result "0-1"]
[WhiteCountry "ITA"]
[BlackCountry "ENG"]
[WhiteElo "1317"]
[WhiteRD "132"]
[BlackElo "1679"]
[BlackRD "56"]
[GameID "148863"]

1. e3 e5 2. Ke2 d5 3. Qe1 Nf6 4. Kd1 Nc6 5. Bb5 Bd7 6. d3 a6 7. Bxc6 Bxc6 8. d4 Bd6 9. Bd2 O-O 10. f3 Re8
11. Qh4 Be7 12. Qh3 Bd7 13. g4 exd4 14. exd4 c5 15. Ne2 Bb5 16. Nbc3 cxd4 17. Nxd4 Bb4 18. g5 Nd7 19. Rg1 Bc5 20. Ncxb5 axb5
21. c3 g6 22. Rg4 Qe7 23. Qg2 Ne5 24. Rg3 Nc4 25. Kc2 Qd7 26. f4 Bxd4 27. cxd4 Qf5+ 28. Kc1 Rac8 29. Rc3 Re4 30. Qf2 Rce8
31. Rc2 Nxd2 32. Rxd2 Re1+ 33. Rd1 R1e2 34. Rd2 Rxf2 35. Rxf2 Re1+ 36. Kd2 Rxa1 37. a3 Qb1 38. Kc3 Qe1+ 39. Rd2 Rc1+ 40. Kd3 Qe4#
0-1

[Event "April Standard"]
[Site "SchemingMind.com"]
[Date "2008.04.04"]
[Round "-"]
[White "cnbcad"]
[Black "Luca Cassoni"]
[Result "0-1"]
[WhiteCountry "USA"]
[BlackCountry "ITA"]
[WhiteElo "1558"]
[WhiteRD "49"]
[BlackElo "2130"]
[BlackRD "163"]
[GameID "148864"]

1. e4 f5 2. d3 fxe4 3. dxe4 d5 4. exd5 Nf6 5. c4 Bf5 6. Bd3 e6 7. Bxf5 exf5 8. Qe2+ Kf7 9. Qe6+ Kg6 10. Nf3 Bb4+
11. Nc3 Re8 12. Nh4+ Kh5 13. Nxf5 Rxe6+ 14. dxe6 Nc6 15. O-O g5
0-1

[Event "April Standard"]
[Site "SchemingMind.com"]
[Date "2008.04.03"]
[Round "-"]
[White "marble"]
[Black "Luca Cassoni"]
[Result "1-0"]
[WhiteCountry "ENG"]
[BlackCountry "ITA"]
[WhiteElo "1679"]
[WhiteRD "56"]
[BlackElo "1317"]
[BlackRD "132"]
[GameID "148865"]

1. e4 f5 2. d4 fxe4 3. Nc3 d5 4. f3 Nf6 5. Bg5 e3 6. Bxe3 Bf5 7. Nge2 e6 8. Nf4 g5 9. Nd3 Nfd7 10. f4 gxf4
11. Nxf4 Qf6 12. Nh5 Qg6 13. Nf4 Qf6 14. Nb5 Na6 15. Nh5 Qh4+ 16. Ng3 c6 17. Nc3 Bd6 18. Qh5+ Qxh5 19. Nxh5 O-O-O 20. Bf4 Bxf4
21. Nxf4 Bxc2 22. Bxa6 bxa6 23. O-O Bf5 24. Rac1 Kb7 25. Rfe1 Nf8 26. h3 Rd6 27. g4 Ng6 28. Nh5 Nh4 29. Kf2 Bd3 30. Re3 Bg6
31. Ng7 Rf8+ 32. Kg3 Rf7 33. Nxe6 Nf3 34. Nc5+ Kc8 35. Rxf3 Rxf3+ 36. Kxf3 Rf6+ 37. Kg3 a5 38. Nb3 Be4 39. Nxa5 Rf3+ 40. Kh4 Kd7
41. Nxe4 dxe4 42. Nxc6 Rf2 43. Nxa7 e3 44. Kg3 Rxb2 45. a3 Rb3 46. a4 Ra3 47. Nb5 Rxa4 48. Kf3
1-0

[Event "April Standard"]
[Site "SchemingMind.com"]
[Date "2008.04.17"]
[Round "-"]
[White "chessleon"]
[Black "cnbcad"]
[Result "1-0"]
[WhiteCountry "NED"]
[BlackCountry "USA"]
[WhiteElo "1495"]
[WhiteRD "80"]
[BlackElo "1553"]
[BlackRD "65"]
[GameID "151059"]

1. c4 c5 2. Nf3 Nf6 3. d4 cxd4 4. Nxd4 Qa5+ 5. Bd2 Qb6 6. Bc3 e5 7. Nb3 Ne4 8. e3 Nxc3 9. Nxc3 Bb4 10. Qc2 O-O
11. O-O-O d6= 12. Nd5 Qd8= 13. Nxb4
1-0

[Event "April Standard"]
[Site "SchemingMind.com"]
[Date "2008.04.17"]
[Round "-"]
[White "chessleon"]
[Black "marble"]
[Result "0-1"]
[WhiteCountry "NED"]
[BlackCountry "ENG"]
[WhiteElo "1488"]
[WhiteRD "83"]
[BlackElo "1644"]
[BlackRD "58"]
[GameID "151060"]

1. c4 Nf6 2. Nf3 g6 3. d4 Bg7 4. Nc3 O-O 5. e4 d6 6. Be2 e5 7. d5 Na6 8. h3 Nc5 9. Qc2 Bd7 10. O-O a6
11. Be3 c6 12. b4 Ncxe4 13. Nxe4 Bf5 14. Nxf6+ Bxf6 15. Qd2 e4 16. Nd4 c5 17. bxc5 dxc5 18. Nxf5 Bxa1
0-1

[Event "April Standard"]
[Site "SchemingMind.com"]
[Date "2008.04.17"]
[Round "-"]
[White "chessleon"]
[Black "Luca Cassoni"]
[Result "1-0"]
[WhiteCountry "NED"]
[BlackCountry "ITA"]
[WhiteElo "1495"]
[WhiteRD "80"]
[BlackElo "1317"]
[BlackRD "132"]
[GameID "151062"]

1. c4 b5 2. cxb5 a6 3. e4 axb5 4. Bxb5 c6 5. Be2 d5 6. exd5 cxd5 7. Nf3 d4 8. Bb5+ Bd7 9. Qe2 Nc6 10. a4 Nf6
11. Na3 e6 12. Nc4 Bc5 13. Bxc6 Bxc6 14. Nce5 Qb6 15. O-O O-O 16. Nxc6 Qxc6 17. Ne5 Qc7 18. d3 Rfd8 19. Nc4 Rd5 20. g3 e5
21. f4 e4 22. dxe4 d3+ 23. Qf2
1-0

[Event "April Standard"]
[Site "SchemingMind.com"]
[Date "2008.04.18"]
[Round "-"]
[White "cnbcad"]
[Black "chessleon"]
[Result "1/2-1/2"]
[WhiteCountry "USA"]
[BlackCountry "NED"]
[WhiteElo "1564"]
[WhiteRD "57"]
[BlackElo "1488"]
[BlackRD "83"]
[GameID "151063"]

1. e4 c5 2. Nf3 e6 3. c3 d5 4. exd5 Qxd5 5. Bb5+ Nc6 6. O-O a6 7. c4 Qd8 8. Ba4 Bd7 9. d3 Nf6 10. Nc3 Qc7
11. Re1=
1/2-1/2

[Event "April Standard"]
[Site "SchemingMind.com"]
[Date "2008.04.18"]
[Round "-"]
[White "marble"]
[Black "chessleon"]
[Result "1-0"]
[WhiteCountry "ENG"]
[BlackCountry "NED"]
[WhiteElo "1644"]
[WhiteRD "58"]
[BlackElo "1488"]
[BlackRD "83"]
[GameID "151064"]

1. e4 c5 2. Nf3 e6 3. b3 d5 4. Nc3 dxe4 5. Nxe4 Nf6 6. Ng3 Nc6 7. Bb5 Bd7 8. O-O Be7 9. Bb2 O-O 10. Re1 a6
11. Bxc6 Bxc6 12. Ne5 Qc7 13. c4 Bd6 14. Nxc6 Qxc6 15. d4
1-0

[Event "April Standard"]
[Site "SchemingMind.com"]
[Date "2008.04.18"]
[Round "-"]
[White "Luca Cassoni"]
[Black "chessleon"]
[Result "0-1"]
[WhiteCountry "ITA"]
[BlackCountry "NED"]
[WhiteElo "1317"]
[WhiteRD "132"]
[BlackElo "1495"]
[BlackRD "80"]
[GameID "151066"]

1. e3 d5 2. Ke2 b6 3. Qe1 Ba6+ 4. d3 Nf6 5. Kd1 e6 6. c3 Be7 7. Nf3 O-O 8. Bd2 Nbd7 9. h3 c5 10. g4 Qc7
11. Be2 Rac8 12. g5 Ne8 13. Qg1 Nd6 14. Na3 b5 15. b4 cxb4 16. cxb4 Nb6 17. Rc1 Qb7 18. Nd4 Rxc1+ 19. Bxc1 Nd7 20. f4 e5
21. Nb3 Rc8 22. Nc5 Nxc5 23. bxc5 Rxc5
0-1

[Event "April Standard"]
[Site "SchemingMind.com"]
[Date "2008.04.26"]
[Round "-"]
[White "knightchaser"]
[Black "cnbcad"]
[Result "1-0"]
[WhiteCountry "MAS"]
[BlackCountry "USA"]
[WhiteElo "1871"]
[WhiteRD "135"]
[BlackElo "1558"]
[BlackRD "49"]
[GameID "152217"]

1. d4 d5 2. c4 dxc4 3. e4 Nf6 4. Nc3 e6 5. Bxc4 c6 6. Nf3 b5 7. Bd3 Be7 8. O-O c5 9. Bxb5+ Bd7 10. d5 a6
11. Bc4 O-O 12. d6 Bxd6 13. Qxd6 Nc6 14. Bg5 Ra7 15. e5
1-0

[Event "April Standard"]
[Site "SchemingMind.com"]
[Date "2008.04.26"]
[Round "-"]
[White "knightchaser"]
[Black "marble"]
[Result "1-0"]
[WhiteCountry "MAS"]
[BlackCountry "ENG"]
[WhiteElo "1871"]
[WhiteRD "135"]
[BlackElo "1590"]
[BlackRD "56"]
[GameID "152218"]

1. d4 Nf6 2. c4 g6 3. Nc3 Bg7 4. e4 d6 5. f3 O-O 6. Be3 e5 7. Nge2 c6 8. Qd2 exd4 9. Nxd4 a6 10. O-O-O c5
11. Nc2 Ne8 12. Bh6 Qh4 13. Bxg7 Kxg7 14. Ne3 Nc6 15. Ncd5 Be6 16. g3 Qd8 17. h4 Bxd5 18. Nxd5 Nd4 19. Bg2 Nc7 20. Nxc7 Qxc7
21. h5 Rh8 22. h6+ Kf6 23. f4 Ke7 24. f5 gxf5 25. Qg5+ Kd7 26. Qg7 Ke7 27. exf5 Rag8 28. Rhe1+ Kd8 29. Qf6+ Kc8 30. Re7 Qd8
31. Bxb7+ Kb8 32. Bd5 Re8 33. Rb7+ Kc8 34. Qxf7 Rhf8 35. Rb8+
1-0

[Event "April Standard"]
[Site "SchemingMind.com"]
[Date "2008.05.05"]
[Round "-"]
[White "knightchaser"]
[Black "Luca Cassoni"]
[Result "1-0"]
[WhiteCountry "MAS"]
[BlackCountry "ITA"]
[WhiteElo "2026"]
[WhiteRD "117"]
[BlackElo "1317"]
[BlackRD "132"]
[GameID "152221"]

1. d4 Nf6 2. c4 b5 3. cxb5 a6 4. Nc3 axb5 5. e4 b4 6. Nd5 Nxe4 7. Qf3 c6 8. Qxe4 cxd5 9. Qxd5 Nc6 10. b3 Ra5
11. Qe4 g6 12. Nf3 Bg7 13. Bb2 O-O 14. Bd3 Bb7 15. Qe3 e5 16. O-O exd4 17. Nxd4 Re5 18. Qf4 Nxd4 19. Bxd4 Rg5 20. f3 Bh6
21. Qd6 Rd5 22. Qxb4 Bc6 23. Rad1 Qh4 24. Bc3 Be3+ 25. Kh1 Qh6 26. Be1 Rh5 27. h4 Re8 28. Qg4 d5 29. g3 f5 30. Qh3
1-0

[Event "April Standard"]
[Site "SchemingMind.com"]
[Date "2008.04.26"]
[Round "-"]
[White "cnbcad"]
[Black "knightchaser"]
[Result "0-1"]
[WhiteCountry "USA"]
[BlackCountry "MAS"]
[WhiteElo "1558"]
[WhiteRD "49"]
[BlackElo "1871"]
[BlackRD "135"]
[GameID "152222"]

1. e4 Nc6 2. d4 e5 3. d5 Nce7 4. c4 Ng6 5. Nf3 Bb4+ 6. Nc3 Bxc3+ 7. bxc3 d6 8. Be2 Nf6 9. Bd3 b6 10. Bd2 a5
11. c5 dxc5 12. Bg5 h6 13. Bxf6 Qxf6 14. O-O Bg4 15. Bb5+= Kf8 16. Be2= Nf4
0-1

[Event "April Standard"]
[Site "SchemingMind.com"]
[Date "2008.04.26"]
[Round "-"]
[White "marble"]
[Black "knightchaser"]
[Result "0-1"]
[WhiteCountry "ENG"]
[BlackCountry "MAS"]
[WhiteElo "1590"]
[WhiteRD "56"]
[BlackElo "1871"]
[BlackRD "135"]
[GameID "152223"]

1. e4 Nc6 2. Nf3 e5 3. Bb5 Nge7 4. Nc3 Ng6 5. d4 exd4 6. Nxd4 Nxd4 7. Qxd4 c6 8. Ba4 Qb6 9. Qd3 Bc5 10. O-O O-O
11. a3 Ne5 12. Qg3 d6 13. Bf4 Re8 14. Bb3 Qc7 15. Bxe5 dxe5 16. Na4 Bf8 17. Rad1 b5 18. Nc3 Bc5 19. Ba2 Be6 20. b4 Bb6
21. Bxe6 Rxe6 22. Rd3 Qe7 23. Rfd1 Rg6 24. Qh3 h6 25. Ne2 Qg5 26. Rg3 Rd8 27. Rdd3 Rxd3 28. cxd3 Qd2 29. Qc8+ Kh7 30. Qf5 Qe1#
0-1

[Event "April Standard"]
[Site "SchemingMind.com"]
[Date "2008.04.26"]
[Round "-"]
[White "chessleon"]
[Black "knightchaser"]
[Result "0-1"]
[WhiteCountry "NED"]
[BlackCountry "MAS"]
[WhiteElo "1495"]
[WhiteRD "80"]
[BlackElo "2026"]
[BlackRD "117"]
[GameID "152224"]

1. c4 b6 2. Nc3 c5 3. e4 Nc6 4. Nf3 g6 5. d4 cxd4 6. Nxd4 Bg7 7. Be3 e6 8. Nxc6 dxc6 9. Be2 Bb7 10. Qc2 Ne7
11. Rd1 Qc7 12. f4 f5 13. e5 a6 14. Qb3 c5 15. Na4 Bxg2 16. Rg1 Be4 17. Qxb6 Bxe5 18. fxe5 Qxe5 19. Bxc5 Rb8 20. Qxa6 Qxh2
21. Qa7 Rb7 22. Qa5 O-O 23. Bxe7 Qxg1+ 24. Kd2 Rd7+ 25. Kc1 Qe3+ 26. Rd2 Rxe7 27. Qc3 Qg5 28. Qd4 Qf6 29. Qd6 e5 30. Qb4 f4
31. c5 f3 32. Bc4+ Kh8 33. Rd6 Qf4+ 34. Qd2 f2 35. Qxf4 Rxf4 36. Rd8+ Kg7 37. Rg8+ Kh6 38. Bf1 Bf5 39. Rd8 Rxa4 40. c6 Rxa2
41. Rd7 Bxd7 42. cxd7 Rxd7
0-1

[Event "April Standard"]
[Site "SchemingMind.com"]
[Date "2008.05.05"]
[Round "-"]
[White "Luca Cassoni"]
[Black "knightchaser"]
[Result "0-1"]
[WhiteCountry "ITA"]
[BlackCountry "MAS"]
[WhiteElo "1317"]
[WhiteRD "132"]
[BlackElo "2026"]
[BlackRD "117"]
[GameID "152226"]

1. f3 d5 2. Kf2 e5 3. e3 h5 4. d4 e4 5. c4 c6 6. Nc3 Nf6 7. Be2 Nbd7 8. Nh3 Bd6 9. c5 Bc7 10. f4 Ng4+
11. Bxg4 hxg4 12. Qxg4 Nf6 13. Qd1 Ng4+ 14. Kg1 b6 15. b4 bxc5 16. bxc5 Rb8 17. Nf2 Nh6 18. h3 Nf5 19. g4 Nh4 20. Qc2 Nf3+
21. Kg2 Nh4+ 22. Kg3 Rb4 23. Nfxe4 dxe4 24. Qxe4+ Kf8 25. Qxc6 Bb7 26. Qxb7 Rxb7 27. Ba3 Bxf4+ 28. exf4 Qxd4 29. c6+ Kg8
0-1

[Event "April Standard"]
[Site "SchemingMind.com"]
[Date "2008.05.02"]
[Round "-"]
[White "Mitchell-in"]
[Black "cnbcad"]
[Result "1-0"]
[WhiteCountry "ENG"]
[BlackCountry "USA"]
[WhiteElo "1666"]
[WhiteRD "64"]
[BlackElo "1558"]
[BlackRD "49"]
[GameID "153275"]

1. e4 e5 2. Nf3 Nc6 3. Bb5 a6 4. Ba4 b5 5. Bb3 h6 6. O-O Bb7 7. c3 Qe7 8. d4 Nf6 9. d5 Na5 10. Bc2 Qd6
11. Nbd2 Be7= 12. b4 Ng4= 13. h3
1-0

[Event "April Standard"]
[Site "SchemingMind.com"]
[Date "2008.05.03"]
[Round "-"]
[White "Mitchell-in"]
[Black "marble"]
[Result "1/2-1/2"]
[WhiteCountry "ENG"]
[BlackCountry "ENG"]
[WhiteElo "1766"]
[WhiteRD "59"]
[BlackElo "1644"]
[BlackRD "58"]
[GameID "153276"]

1. e4 c5 2. Nf3 g6 3. c3 d5 4. exd5 Qxd5 5. d4 Nf6 6. Nbd2 Bg7 7. Bc4 Qf5 8. dxc5 Qxc5 9. Bb3 Nc6 10. O-O O-O
11. Qe2 Bg4 12. h3 Bf5 13. Bc4 a6 14. Nb3 Qa7 15. Be3 Qb8 16. Rad1 Qc8 17. Nbd4 Nxd4 18. Nxd4 b5 19. Bd3 Bxd3 20. Qxd3=
1/2-1/2

[Event "April Standard"]
[Site "SchemingMind.com"]
[Date "2008.05.06"]
[Round "-"]
[White "Mitchell-in"]
[Black "chessleon"]
[Result "1-0"]
[WhiteCountry "ENG"]
[BlackCountry "NED"]
[WhiteElo "1766"]
[WhiteRD "59"]
[BlackElo "1488"]
[BlackRD "83"]
[GameID "153277"]

1. d4 Nf6 2. c4 c5 3. d5 b5 4. cxb5 a6 5. bxa6 Bxa6 6. Nc3 d6 7. e4 Bxf1 8. Kxf1 g6 9. f4 Bg7 10. Nf3 O-O
11. e5 dxe5 12. fxe5 Ng4 13. Qe2 Qc7 14. Bf4 Nd7 15. Re1 c4 16. h3 Nh6 17. Qd2 Qc5 18. Bxh6 Bxh6 19. Qxh6 Qb4 20. Ng5
1-0

[Event "April Standard"]
[Site "SchemingMind.com"]
[Date "2008.05.03"]
[Round "-"]
[White "Mitchell-in"]
[Black "knightchaser"]
[Result "0-1"]
[WhiteCountry "ENG"]
[BlackCountry "MAS"]
[WhiteElo "1766"]
[WhiteRD "59"]
[BlackElo "1926"]
[BlackRD "122"]
[GameID "153279"]

1. e4 Nc6 2. Nf3 e5 3. Bb5 Nge7 4. O-O Ng6 5. d4 exd4 6. Nxd4 Bc5 7. Nb3 Bb6 8. Nc3 O-O 9. Nd5 d6 10. a4 Nce5
11. a5 Bg4 12. Be2 Bxe2 13. Qxe2 Bc5 14. Nxc5 dxc5 15. f4 Nc6 16. Be3 Nd4 17. Bxd4 cxd4 18. Qd3 c6 19. Nb4 Qd6 20. e5 Qxb4
0-1

[Event "April Standard"]
[Site "SchemingMind.com"]
[Date "2008.05.05"]
[Round "-"]
[White "Mitchell-in"]
[Black "Luca Cassoni"]
[Result "1-0"]
[WhiteCountry "ENG"]
[BlackCountry "ITA"]
[WhiteElo "1740"]
[WhiteRD "58"]
[BlackElo "1317"]
[BlackRD "132"]
[GameID "153280"]

1. e4 f5 2. exf5 Kf7 3. Qh5+ g6 4. fxg6+ Kg7 5. gxh7 Rxh7 6. Qg5+ Kh8 7. Bc4 Nf6 8. Nf3 d5 9. Bb3 Bh6 10. Qg6 Nbd7
11. Nc3 Nf8 12. Qg3 Ne6 13. Ne5 Nf4 14. d4 N6h5 15. Qf3 Qg8 16. g3 Bh3 17. gxf4 Bg2 18. Qxh5 Bxf4 19. Ng6+ Kg7 20. Qg4 Bxh1
21. Nxe7+ Kf6 22. Nxg8+ Rxg8 23. Qxg8 Re7+ 24. Kf1 Bf3 25. Bxf4
1-0

[Event "April Standard"]
[Site "SchemingMind.com"]
[Date "2008.05.02"]
[Round "-"]
[White "cnbcad"]
[Black "Mitchell-in"]
[Result "0-1"]
[WhiteCountry "USA"]
[BlackCountry "ENG"]
[WhiteElo "1558"]
[WhiteRD "49"]
[BlackElo "1666"]
[BlackRD "64"]
[GameID "153281"]

1. e4 e5 2. Nf3 Nc6 3. d4 exd4 4. Nxd4 Bc5 5. Nxc6 Qf6 6. Qe2 dxc6 7. Be3 Bxe3 8. Qxe3 Qxb2 9. Qc3 Qxc3+ 10. Nxc3 Nf6
11. e5= Nd5
0-1

[Event "April Standard"]
[Site "SchemingMind.com"]
[Date "2008.05.03"]
[Round "-"]
[White "marble"]
[Black "Mitchell-in"]
[Result "0-1"]
[WhiteCountry "ENG"]
[BlackCountry "ENG"]
[WhiteElo "1679"]
[WhiteRD "56"]
[BlackElo "1740"]
[BlackRD "58"]
[GameID "153282"]

1. e4 c6 2. d4 d5 3. Nc3 dxe4 4. Nxe4 Nf6 5. Nxf6+ gxf6 6. c3 Bf5 7. Nf3 e6 8. Bf4 Bd6 9. Qd2 Qc7 10. Bxd6 Qxd6
11. Nh4 Bg6 12. Be2 Nd7 13. O-O O-O-O 14. a4 Ne5 15. Qe3 Nd7 16. a5 a6 17. Nf3 h5 18. g3 Rdg8 19. Nd2 h4 20. Nc4 Qc7
21. Rfd1 hxg3 22. fxg3 Rh7 23. Kg2 Rgh8 24. Rh1 e5 25. Bg4 f5 26. Bd1 f4 27. gxf4 exf4 28. Nb6+ Nxb6 29. axb6 fxe3 30. bxc7 Kxc7
31. Re1 Rxh2+ 32. Kf3 R8h3+ 33. Kf4 Rxb2 34. Rxe3 Rxe3 35. Kxe3 Bc2 36. Bh5 Bg6 37. Bd1 Rh2 38. Bb3 Rh3+ 39. Kd2 Rd3+ 40. Kc2 Rxd4+
41. Kb2 Rd2+ 42. Ka3 f5 43. Rg1 Rd6 44. Bc2 b5 45. Kb4 Kb6 46. Bb1 a5+ 47. Kb3 c5 48. Rh1 a4+ 49. Kb2 b4 50. cxb4 cxb4
51. Rh4 Kb5 52. Rh3 a3+ 53. Kb3 Bf7+ 54. Kc2 b3+
0-1

[Event "April Standard"]
[Site "SchemingMind.com"]
[Date "2008.05.06"]
[Round "-"]
[White "chessleon"]
[Black "Mitchell-in"]
[Result "0-1"]
[WhiteCountry "NED"]
[BlackCountry "ENG"]
[WhiteElo "1495"]
[WhiteRD "80"]
[BlackElo "1740"]
[BlackRD "58"]
[GameID "153283"]

1. c4 e6 2. d4 d5 3. Nf3 Nf6 4. g3 Be7 5. Bg2 O-O 6. b3 c6 7. O-O Nbd7 8. Bb2 b6 9. cxd5 cxd5 10. Nc3 Ba6
11. Qc2 Rc8 12. Qd2 Bb4 13. a3 Bxc3 14. Bxc3 Ne4 15. Qb2 Nxc3 16. Rac1 Nxe2+ 17. Kh1 Nxc1 18. Rxc1 Rxc1+ 19. Qxc1 Qc8 20. Qd1 Qc3
21. h4 Rc8 22. Kh2 Nf6 23. Ne5 Qc2 24. Qf3 Be2 25. Qf4 Qxb3 26. g4 Rf8 27. g5 Nh5 28. Qd2 Bb5 29. Bf3 g6 30. Bd1 Qxa3
31. Ng4 Bf1 32. Nf6+ Nxf6 33. gxf6 Qh3+ 34. Kg1 Qg2#
0-1

[Event "April Standard"]
[Site "SchemingMind.com"]
[Date "2008.05.03"]
[Round "-"]
[White "knightchaser"]
[Black "Mitchell-in"]
[Result "1-0"]
[WhiteCountry "MAS"]
[BlackCountry "ENG"]
[WhiteElo "1926"]
[WhiteRD "122"]
[BlackElo "1766"]
[BlackRD "59"]
[GameID "153285"]

1. d4 d5 2. c4 e5 3. e3 exd4 4. exd4 dxc4 5. Bxc4 Nf6 6. Nc3 Bb4 7. Ne2 O-O 8. O-O c6 9. a3 Bxc3 10. Nxc3 Nbd7
11. Bg5 h6 12. Bh4 b5 13. Ba2 Bb7 14. b4 g5 15. Bg3 Nb6 16. Rc1 Rc8 17. Qd3 Nbd5 18. Be5 Nxc3 19. Qg6+ Kh8 20. Qxh6+ Kg8
21. Qxg5+
1-0

[Event "April Standard"]
[Site "SchemingMind.com"]
[Date "2008.05.05"]
[Round "-"]
[White "Luca Cassoni"]
[Black "Mitchell-in"]
[Result "0-1"]
[WhiteCountry "ITA"]
[BlackCountry "ENG"]
[WhiteElo "1317"]
[WhiteRD "132"]
[BlackElo "1740"]
[BlackRD "58"]
[GameID "153286"]

1. e3 e5 2. Ke2 d5 3. Qe1 f5 4. Kd1 Nf6 5. d3 c5 6. d4 cxd4 7. exd4 e4 8. f3 Bd6 9. c4 O-O 10. Nc3 Nc6
11. Be3 f4 12. cxd5 Nb4 13. fxe4 fxe3 14. Qxe3 Ng4 15. Qe1 Nf2+ 16. Kc1 Bf4+ 17. Kb1 Nxh1 18. Bc4 Qg5 19. a3 Bd2 20. Qe2 Bg4
21. Nf3 Bxf3 22. gxf3 Qg1+ 23. Nd1 Nf2 24. axb4 Qxd1+ 25. Qxd1 Nxd1 26. d6+ Kh8 27. e5 Ne3 28. Be2 Bxb4 29. Ra4 a5 30. h4 Nf5
31. d5 Rad8 32. Bb5 Nxd6 33. exd6 Rxd6 34. Bc4 Rxf3
0-1

[Event "April Standard"]
[Site "SchemingMind.com"]
[Date "2008.05.07"]
[Round "-"]
[White "sansubari"]
[Black "marble"]
[Result "0-1"]
[WhiteCountry "MAS"]
[BlackCountry "ENG"]
[WhiteElo "1421"]
[WhiteRD "109"]
[BlackElo "1644"]
[BlackRD "58"]
[GameID "153973"]

1. d4 Nf6 2. Bf4 d5 3. e3 e6 4. c3 Nc6 5. Nf3 Bd6 6. Bg5 h6 7. Bxf6 Qxf6 8. Bb5 Bd7 9. Nbd2 a6 10. Bd3 O-O
11. h4 e5 12. dxe5 Bxe5 13. Nxe5 Nxe5 14. Bc2 Bb5 15. Nf3 Nc4 16. Rb1 Rfe8 17. a4 Bd7 18. Qxd5 Nd6 19. Nd4 c6 20. Qf3 Qd8
21. g4 c5 22. Ne2 Bc6 23. e4 Nxe4 24. Qd3 Qf6 25. Rh2 Rad8 26. Qh3 Nd2 27. Rc1 Nf3+ 28. Kf1 Nxh2+ 29. Qxh2 Rd2 30. Nf4 b5
31. Bf5 g6 32. Bd3 c4 33. Be2 g5 34. Nh5 Qe6 35. Ng3 bxa4 36. hxg5 hxg5 37. Re1 Rxb2 38. Qh5 Qg6 39. Qxg6+ fxg6 40. Bxc4+ Kf8
41. Rxe8+ Bxe8 42. Bxa6 a3 43. Bc4 Ba4 44. Ne2 Bb3 45. Bd3 a2 46. Nd4 a1=Q+ 47. Kg2 Bd5+
0-1

[Event "April Standard"]
[Site "SchemingMind.com"]
[Date "2008.05.07"]
[Round "-"]
[White "sansubari"]
[Black "Mitchell-in"]
[Result "0-1"]
[WhiteCountry "MAS"]
[BlackCountry "ENG"]
[WhiteElo "1421"]
[WhiteRD "109"]
[BlackElo "1766"]
[BlackRD "59"]
[GameID "153974"]

1. d4 d5 2. Bf4 Nf6 3. e3 c5 4. c3 Bf5 5. Bxb8 Rxb8 6. Qa4+ Bd7 7. Qxa7 e6 8. dxc5 Qc8 9. Qb6 Bxc5 10. Qa5 Ra8
11. Qxa8 Qxa8 12. Nd2 O-O 13. b4 Bd6 14. Nb3 Rc8 15. Ne2 Ba4 16. Nbd4 e5 17. Nf3 Bb5 18. Nfg1 Qa3 19. Nf3 Bxb4 20. cxb4 Qxb4+
21. Kd1 Ba4#
0-1

[Event "April Standard"]
[Site "SchemingMind.com"]
[Date "2008.05.07"]
[Round "-"]
[White "sansubari"]
[Black "chessleon"]
[Result "1-0"]
[WhiteCountry "MAS"]
[BlackCountry "NED"]
[WhiteElo "1672"]
[WhiteRD "92"]
[BlackElo "1495"]
[BlackRD "80"]
[GameID "153975"]

1. d4 Nf6 2. Bf4 d6 3. e3 c6 4. c3 Nbd7 5. Nf3 Qc7 6. Nbd2 e5 7. dxe5 dxe5 8. Bg3 Be7 9. Qb3 b5 10. Ng5 O-O
11. Bd3 h6 12. Nge4 Nxe4 13. Bxe4 Nf6 14. Qc2 Nxe4 15. Qxe4 f5 16. Qxe5 Qxe5 17. Bxe5 c5 18. O-O Bb7 19. a3 Rfe8 20. Nb3 Bf8
21. Bg3 Rad8 22. a4 a6 23. Na5 Bd5 24. b3 bxa4 25. c4 Be4 26. Rxa4 Rd3 27. Bf4 g5 28. Bg3 h5 29. h4 Be7 30. hxg5 Bxg5
31. b4 cxb4 32. Rxb4 Ra3 33. Nb3 Bc2 34. Nd4 Bd3 35. Rc1 a5 36. Rb5 a4 37. Nxf5 Bf6 38. Nd6 Rf8 39. Rxh5 Bb2 40. Rg5+ Kh7
41. Rd1 Bf6 42. Rd5 Be4 43. Nxe4 Be7 44. Rd7 Re8 45. Nf6+
1-0

[Event "April Standard"]
[Site "SchemingMind.com"]
[Date "2008.05.08"]
[Round "-"]
[White "sansubari"]
[Black "knightchaser"]
[Result "0-1"]
[WhiteCountry "MAS"]
[BlackCountry "MAS"]
[WhiteElo "1421"]
[WhiteRD "109"]
[BlackElo "1926"]
[BlackRD "122"]
[GameID "153977"]

1. d4 d5 2. Bf4 Nf6 3. e3 e6 4. c3 Bd7 5. Nf3 c5 6. Ne5 Nc6 7. Nxd7 Qxd7 8. Bb5 a6 9. Bxc6 Qxc6 10. Nd2 Be7
11. Nb3 c4 12. Nd2 b5 13. Nf3 Nd7 14. Be5 f6 15. Bg3 O-O 16. h4 b4 17. h5 a5 18. h6 g6 19. Nh4 Kh8 20. Qc2 Rg8
21. f4 f5 22. Nf3 Nf6 23. Ne5 Qe8 24. Bh4 Ne4 25. Bxe7 Qxe7 26. Nc6 Qc7 27. Ne5 Rgb8 28. O-O a4 29. g4 b3 30. axb3 Rxb3
31. gxf5 gxf5 32. Ra3 Rg8+ 33. Kh2 Qe7 34. Rf3 Rgb8 35. Rxb3 axb3 36. Nc6 Qh4+ 37. Rh3 Qxh3+ 38. Kxh3 bxc2
0-1